| 000 | 00370nam a2200145 4500 | ||
|---|---|---|---|
| 001 | 113901 | ||
| 003 | ES-MaACL | ||
| 007 | t| | ||
| 008 | 061121s1924 fr r ||||1| fre d | ||
| 100 | 1 |
_aNordau, Max. _985961 |
|
| 245 | 1 | 3 |
_aLa biologie del'ethique / _cpar Max Nordau. |
| 260 |
_aParis : _bEureux, _c1924. |
||
| 300 |
_a234 p. ; _c23 cm. |
||
| 852 |
_aES-MaACL _jB-6887 |
||
| 999 |
_c113901 _d113901 |
||